| 000 | 00604 a2200217 4500 | ||
|---|---|---|---|
| 001 | 18512 | ||
| 999 |
_c18512 _d5215 |
||
| 003 | TR-AnTOB | ||
| 005 | 20190408213034.0 | ||
| 008 | 041102s2004 tu tur | ||
| 020 | _a9750402626 | ||
| 041 | _atur | ||
| 050 |
_aPR9619.3.C597 _bM3619 2004 |
||
| 090 | _aPR9619.3.C597 M3619 2004 | ||
| 100 |
_aCowan, James _910532 |
||
| 245 | 0 |
_aHaritacının rüyası / _cjames Cowan ; çev. Zarife Biliz ; haz. Gökçe Çiçek Çetin. |
|
| 264 | 1 |
_aİstanbul : _bLiteratür Yayınları, _c2004 |
|
| 300 |
_a143 p. ; _c20 cm. |
||
| 500 | _aOrjinal: A Mapmaker's Dream | ||
| 902 | _a0003983 | ||
| 942 | _cBK | ||